LIBRARY & INFORMATION CENTRE, KCAET, TAVANUR

ONLINE PUBLIC ACCESS CATALOGUE (OPAC)

Malayala sahitya charitra samgraham / (Record no. 6492)

MARC details
000 -LEADER
fixed length control field 00484cam a2200181ua 4500
041 ## - LANGUAGE CODE
Language code of text/sound track or separate title mal
082 ## - DEWEY DECIMAL CLASSIFICATION NUMBER
Classification number 894.812 809
Item number SAN/MA
100 ## - MAIN ENTRY--AUTHOR NAME
Personal name Sankaran Nambiar, P .
245 ## - TITLE STATEMENT
Title Malayala sahitya charitra samgraham /
250 ## - EDITION STATEMENT
Edition statement 1 /
260 ## - PUBLICATION, DISTRIBUTION, ETC. (IMPRINT)
Place of publication Kottayam :
Name of publisher Sahitya Pravarthaka Co-operative Society ,
Year of publication 1964.
300 ## - PHYSICAL DESCRIPTION
Number of Pages 195 ; .
942 ## - ADDED ENTRY ELEMENTS (KOHA)
Koha item type Books
Holdings
Withdrawn status Lost status Damaged status Home library Current library Date acquired Full call number Accession Number Koha item type Public note
Withdrawn     KAUAET Malayalam University 07/04/2012 894.812 809 8952 Books Transferred to Malayalam University
free website counter